Writing marketing : (رقم التسجيلة. 26207)

تفاصيل مارك
000 -الفاتح
حقل البيانات ثابتة الطول 00834cam a2200289 a 4500
001 - رقم الضبط
رقم الضبط 56964034
003 - محدد رقم الضبط
رقم الضبط OCoLC
005 - وقت وتاريخ اخر تعامل مع التسجيلة
رقم الضبط 20150408114102.0
008 - عناصر البيانات ثابتة الطول - معلومات عامة
حقل البيانات ثابتة الطول 041105s2005 enk f 001 0 eng
015 ## - رقم الببليوجرافية الوطنية
رقم الببليوجرافية الوطنية GBA480249
المصدر bnb
020 ## - الرقم الدولى المعيارى للكتب
الرقم الدولى المعيارى للكتاب 1412902657 (hbk.)
020 ## - الرقم الدولى المعيارى للكتب
الرقم الدولى المعيارى للكتاب 1412902665 (pbk.)
035 ## - رقم ضبط النظام
رقم ضبط النظام .b59848698
040 ## - مصدر الفهرسة
وكالة الفهرسة الأصلية UKM
وكالة النسخ UKM
وكالة التعديل BAKER
-- BWKUK
042 ## - رمز التحقق
رمز التحقق ukscp
049 ## - المجموعات المحلية (OCLC)
مكتبة المقتنيات OSUU
050 #4 - رقم طلب مكتبة الكونجرس
رقم التصنيف HF5718.3.
رقم المادة .B778 2005
082 04 - رقم تصنيف ديوى العشرى
رقم التصنيف 808.066658
رقم الطبعة 22
رقم المادة B S W
100 1# - المدخل الرئيسى - إسم شخصى
الإسم الشخصى Brown, Stephen,
التواريخ المصاحبة للاسم 1955-
9 (RLIN) 17798
245 10 - بيان العنوان
العنوان Writing marketing :
بقية العنوان literary lessons from academic authorities /
بيان المسئوليه,etc Stephen Brown.
260 ## - PUBLICATION, DISTRIBUTION, ETC. (IMPRINT)
مكان الناشر او الموزع London :
اسم الناشر او الموزع SAGE,
تاريخ النشر أو التوزيع 2005.
300 ## - الوصف المادى
التعداد 265 p. ;
أبعاد الوعاء 24 cm.
504 ## - تبصرة ببليوجرافية
تبصرة ببليوجرافية,الخ Includes bibliographical references and index.
650 #0 - المدخل الاضافى بالموضوع-مصطلح موضوعى
مصطلح موضوعي أو اسم جغرافي كعنصر مدخل Business writing.
9 (RLIN) 15117
650 #0 - المدخل الاضافى بالموضوع-مصطلح موضوعى
مصطلح موضوعي أو اسم جغرافي كعنصر مدخل Marketing.
942 ## - عناصر المدخل الإضافي( كوها)
مصدر التصنيف او مخطط الترفيف Dewey Decimal Classification
Koha [default] item type كتاب
المقتنيات
حالة الفقد نموذج السعر الفعال حالة تلف ليس للاعارة رقم الطلب تاريخ الاكتساب الموقع الحالي الباركود الفرع الرئيسي Date last seen نوع المادة فى نظام كوها مصدر التصنيف او خطة الترفيف Total Checkouts
  2013-03-10     808.066658 B S W 2012-11-30 المكتبة المركزية بالمجمعة (CL) 07000000010336 المكتبة المركزية بالمجمعة (CL) 2013-03-10 كتاب Dewey Decimal Classification  
  2013-03-10     808.066658 B S W 2012-11-30 المكتبة المركزية بالمجمعة (CL) 07000000010337 المكتبة المركزية بالمجمعة (CL) 2013-03-10 كتاب Dewey Decimal Classification